| 000 | 00381nam a22001457a 4500 | ||
|---|---|---|---|
| 082 |
_a621.38224 _bZIE _cL-10 P-25 |
||
| 100 |
_aZiel A Van Der _941633 |
||
| 245 |
_aNoise _cZiel A Van Der |
||
| 250 | _a1st ed. | ||
| 260 |
_aN.J _bPrentice Hall _cc1954 |
||
| 300 |
_avii, 450 p. : _bill _c16 cm |
||
| 526 |
_a0 _b0 _c0 _d621_382240000000000_ZIE |
||
| 650 |
_aMCE _9379 |
||
| 942 |
_2ddc _cBK |
||
| 999 |
_c545688 _d545688 |
||